<?xml version="1.0" encoding="UTF-8"?>
<marc:record xmlns:marc="http://www.loc.gov/MARC21/slim">
   <marc:leader>00000nam a2200000 a 4500</marc:leader>
   <marc:datafield ind1="1" ind2=" " tag="100">
      <marc:subfield code="a">Müller, Thomas R.</marc:subfield>
   </marc:datafield>
   <marc:datafield ind1="1" ind2=" " tag="100">
      <marc:subfield code="a">Deutsche Gesellschaft für Soziale Psychiatrie</marc:subfield>
   </marc:datafield>
   <marc:datafield ind1=" " ind2=" " tag="653">
      <marc:subfield code="a">Eltern</marc:subfield>
   </marc:datafield>
   <marc:datafield ind1=" " ind2=" " tag="653">
      <marc:subfield code="a">Cannabis</marc:subfield>
   </marc:datafield>
   <marc:datafield ind1=" " ind2=" " tag="653">
      <marc:subfield code="a">Cannabiskonsum</marc:subfield>
   </marc:datafield>
   <marc:datafield ind1=" " ind2=" " tag="653">
      <marc:subfield code="a">Sozialpsychiatrie / Alltag</marc:subfield>
   </marc:datafield>
   <marc:datafield ind1=" " ind2=" " tag="653">
      <marc:subfield code="a">Cannabis Auswirkungen der Legalisierung</marc:subfield>
   </marc:datafield>
   <marc:datafield ind1=" " ind2=" " tag="653">
      <marc:subfield code="a">Ambulante Behandlung</marc:subfield>
   </marc:datafield>
   <marc:datafield ind1=" " ind2=" " tag="653">
      <marc:subfield code="a">Psychoaktive Substanzen</marc:subfield>
   </marc:datafield>
   <marc:datafield ind1=" " ind2=" " tag="653">
      <marc:subfield code="a">Drogen</marc:subfield>
   </marc:datafield>
   <marc:datafield ind1=" " ind2=" " tag="653">
      <marc:subfield code="a">Psychatrie</marc:subfield>
   </marc:datafield>
   <marc:datafield ind1=" " ind2=" " tag="653">
      <marc:subfield code="a">Entzugsbehandlung</marc:subfield>
   </marc:datafield>
   <marc:datafield ind1="0" ind2="0" tag="245">
      <marc:subfield code="a">Soziale Psychiatrie 04/2024, 48. Jg.</marc:subfield>
   </marc:datafield>
   <marc:datafield ind1="0" ind2="0" tag="245">
      <marc:subfield code="b">Cannabis: Regulierte Realitäten</marc:subfield>
   </marc:datafield>
   <marc:datafield ind1="0" ind2="0" tag="245">
      <marc:subfield code="c">Deutsche Gesellschaft für Soziale Psychiatrie. Deutsche Gesellschaft für Soziale Psychiatrie. Thomas R. Müller</marc:subfield>
   </marc:datafield>
   <marc:datafield ind1=" " ind2="1" tag="264">
      <marc:subfield code="a">Köln</marc:subfield>
      <marc:subfield code="b">dgsp</marc:subfield>
      <marc:subfield code="c">2024</marc:subfield>
   </marc:datafield>
   <marc:datafield ind1="1" ind2=" " tag="490">
      <marc:subfield code="a">Soziale Psychiatrie</marc:subfield>
      <marc:subfield code="v">48</marc:subfield>
   </marc:datafield>
   <marc:datafield ind1=" " ind2=" " tag="250">
      <marc:subfield code="a">2024 / 4, 48. Jg.</marc:subfield>
   </marc:datafield>
   <marc:datafield ind1="1" ind2=" " tag="520">
      <marc:subfield code="a">(Seite 4) Thomas Bader#Cannabisfreigabe &#x96; eine#sozialpsychiatrische Betrachtung#zwischen subjektivem Bedürfnis#und staatlicher Schutzpflicht##(Seite 5) Robert Feustel#Kompensation und Kontrolle.#Zur fragwürdigen Macht der#Drogen##(Seite 9) Udo Bonnet#Gesundheitliche Auswirkungen#des Cannabiskonsums##(Seite 15) Norbert Scherbaum#Entzugsbehandlung bei#Cannabisabhängigkeit##(Seite 17) Medizinisches Cannabis &#x96; Teil der#somatischen und psychiatrischen#Gesamtversorgung#Zur Differenzierung von#Rauschkonsum, medikamentöser#Therapie und Selbstmedikation bei#Patientinnen und Patienten mit#fortgesetztem Cannabiskonsum#Christel Lüdecke im Interview#mit Martin Reker##(Seite 20) Ingo Ilja Michels und Heino Stöver#Cannabisteillegalisierung &#x96; nur#ein erster Schritt zu einer neuen#Sichtweise auf den Umgang mit#psychoaktiven Substanzen!##(Seite 23) Sven Friedrich#Cannabisgesetz 2024:#Chancen und Hürden vom#Standpunkt der Betroffenen#Die Sichtweise von#»aufhoerenzukiffen.de«##(Seite 25) Neue Freiheit, neue Sorgen!#Cannabislegalisierung aus der#Perspektive von Elternverbänden##(Seite 28) Heinz Flottmann#Im Rausch der Paragrafen#Eine satirische Betrachtung#der Cannabislegalisierung##(Seite 30) Andreas Gantner#Ambulante Beratung und#Behandlung von Menschen mit#Cannabiskonsumstörungen##(Seite 33) Michael Büge#Die neuen Cannabisregelungen#und ihre Auswirkungen auf den#sozialpsychiatrischen Alltag##(Seite 36) Martin Reker#Zum Schluss: Gibt es eine#beste Lösung für die#rechtliche Regelung des#Cannabiskonsums?##(Seite 38) Stephan Debus, Patrizia di Tolla,#Hendrik Meyer, Wassili Hinüber#Klinische Allgemeinpsychiatrie#ohne Zwang</marc:subfield>
   </marc:datafield>
   <marc:datafield ind1=" " ind2=" " tag="022">
      <marc:subfield code="a">09372628</marc:subfield>
   </marc:datafield>
   <marc:datafield ind1=" " ind2=" " tag="542">
      <marc:subfield code="d">Deutsche Gesellschaft für Soziale Psychiatrie</marc:subfield>
   </marc:datafield>
</marc:record>
